[Event "Vellmarer Schachtage 5th op  A"]
[Site "Vellmar"]
[Date "2013.07.28"]
[Round "7.5"]
[White "Blom, Vincent"]
[Black "Ivanov, Mikail"]
[Result "0-1"]
[WhiteElo "2167"]
[BlackElo "2392"]
[PlyCount "57"]
[EventDate "2013.07.25"]
[EventType "swiss"]
[EventRounds "7"]
[EventCountry "GER"]

{DWZ DWZ 2337} 1. d4 d5 2. c4 dxc4 3. e3 Nf6 4. Bxc4 a6 5. Bb3 Nc6 6. Nf3 Bg4
7. O-O e6 8. Nbd2 Bd6 9. Nc4 O-O 10. Nxd6 cxd6 11. h3 Bxf3 12. Qxf3 d5 13. Bd2
Ne8 14. Qe2 Qb6 15. Rfb1 Rc8 16. Rc1 f5 17. f3 Nd6 18. Kh1 f4 19. e4 Nxd4 20.
Qf2 Nc4 21. Bxc4 dxc4 22. e5 Qa7 23. Rd1 Nc6 24. Qxa7 Nxa7 25. Bb4 Rfd8 26. Bd6
Kf7 27. a4 g5 28. Rdc1 Rc6 29. g3 {Notation nicht lesbar} 0-1

[Event "Vellmarer Schachtage 5th op  A"]
[Site "Vellmar"]
[Date "2013.07.28"]
[Round "7.6"]
[White "Keil, Roland"]
[Black "Halt, David"]
[Result "1/2-1/2"]
[WhiteElo "2062"]
[BlackElo "2099"]
[PlyCount "68"]
[EventDate "2013.07.25"]
[EventType "swiss"]
[EventRounds "7"]
[EventCountry "GER"]

{DWZ 1952 DWZ 2047} 1. e4 e5 2. Nf3 Nc6 3. Nc3 Nf6 4. Bb5 Nd4 5. Ba4 Bc5 6.
Nxe5 O-O 7. O-O d6 8. Nf3 Bg4 9. d3 Nd7 10. Bxd7 Qxd7 11. Be3 Bxf3 12. gxf3 Qh3
13. Bxd4 Bxd4 14. Ne2 Be5 15. f4 Qg4+ 16. Kh1 Qf3+ 17. Kg1 Bxf4 18. Nxf4 Qxf4
19. Qe2 f5 20. f3 Rae8 21. Rae1 d5 22. Qe3 Qxe3+ 23. Rxe3 fxe4 24. fxe4 Rxf1+
25. Kxf1 dxe4 26. dxe4 Kf7 27. Ke2 g5 28. Rf3+ Kg6 29. Ke3 c5 30. Rf5 b6 31.
Rd5 Re7 32. a4 Kf6 33. Rf5+ Kg6 34. Rd5 Kf6 1/2-1/2

[Event "Vellmarer Schachtage 5th op  A"]
[Site "Vellmar"]
[Date "2013.07.28"]
[Round "7.7"]
[White "Rafiee, Makan"]
[Black "Piankov, Evgenij"]
[Result "1-0"]
[WhiteElo "2151"]
[BlackElo "2264"]
[PlyCount "93"]
[EventDate "2013.07.25"]
[EventType "swiss"]
[EventRounds "7"]
[EventCountry "GER"]

{DWZ 2132 DWZ ----} 1. e4 c6 2. d4 d5 3. Nc3 g6 4. e5 Bg7 5. Nf3 Bg4 6. h3 Bxf3
7. Qxf3 Qb6 8. Qd3 e6 9. Bd2 Ne7 10. O-O-O Nd7 11. Na4 Qc7 12. Bb4 Nc8 13. f4
a5 14. Bd2 b5 15. Nc5 Nxc5 16. dxc5 h5 17. g3 Bf8 18. Be3 Ne7 19. Bg2 Nf5 20.
Bf2 Be7 21. g4 Ng7 22. Bd4 O-O-O 23. Kb1 Rh7 24. a4 b4 25. Qa6+ Kd7 26. c4 Rhh8
27. cxd5 cxd5 28. Bf1 Ke8 29. Bb5+ Kf8 30. c6 Rb8 31. Rc1 Ne8 32. Ka2 Bd8 33.
Rhf1 Kg8 34. f5 hxg4 35. hxg4 Rh4 36. fxe6 fxe6 37. Bc5 Be7 38. Bxe7 Qxe7 39.
c7 Nxc7 40. Rxc7 b3+ 41. Kb1 Qxc7 42. Qxe6+ Kg7 43. Qf6+ Kg8 44. Qxh4 Qc2+ 45.
Ka1 Rf8 46. Rh1 Rc8 47. Qh8+ 1-0

[Event "Vellmarer Schachtage 5th op  A"]
[Site "Vellmar"]
[Date "2013.07.28"]
[Round "7.8"]
[White "Kiesel, Harald"]
[Black "Neumark, Thomas"]
[Result "0-1"]
[WhiteElo "2140"]
[BlackElo "2259"]
[PlyCount "126"]
[EventDate "2013.07.25"]
[EventType "swiss"]
[EventRounds "7"]
[EventCountry "GER"]

{DWZ 2064 DWZ 2124} 1. e4 e5 2. Nf3 Nc6 3. Bb5 a6 4. Bxc6 dxc6 5. O-O Bg4 6. h3
h5 7. d3 Bd6 8. Nbd2 Qf6 9. Re1 Ne7 10. d4 Ng6 11. hxg4 hxg4 12. Nh2 Rxh2 13.
Qxg4 Rh4 14. Qf5 Ne7 15. Qxf6 gxf6 16. g3 Rh5 17. c3 exd4 18. cxd4 Bb4 19. a3
Ba5 20. b4 Bb6 21. Nb3 O-O-O 22. Be3 f5 23. e5 Rdh8 24. Kg2 Rh2+ 25. Kf1 Nd5
26. Bd2 Rg8 27. Kg1 Rgh8 28. Kf1 R8h3 29. Nc5 f4 30. Bxf4 Nxf4 31. gxf4 Rf3 32.
Ra2 Rxf4 33. Re4 Rxe4 34. Nxe4 Bxd4 35. Ng5 Bxe5 36. Nxf7 Bf4 37. Re2 Rh5 38.
Re4 Rf5 39. Nh8 Bg3 40. Re2 Rf6 41. Kg2 Bd6 42. Re8+ Kd7 43. Rb8 b6 44. Rg8 Ke6
45. Rg7 Be5 46. Kf1 Rxf2+ 47. Kxf2 Bxg7 48. Ng6 Be5 49. Ke3 Bd6 50. Ke4 c5 51.
bxc5 Bxc5 52. a4 Bd6 53. Nh4 b5 54. axb5 axb5 55. Nf3 Bc5 56. Ne1 Kd6 57. Kd3
Bf2 58. Nf3 Kd5 59. Nd2 Bb6 60. Nb3 c5 61. Kc3 b4+ 62. Kc2 c4 63. Nc1 Bd4 0-1

[Event "Vellmarer Schachtage 5th op  A"]
[Site "Vellmar"]
[Date "2013.07.28"]
[Round "7.9"]
[White "Stabernack, Joschi"]
[Black "Cherny, Andrey"]
[Result "1/2-1/2"]
[WhiteElo "2041"]
[BlackElo "2197"]
[PlyCount "79"]
[EventDate "2013.07.25"]
[EventType "swiss"]
[EventRounds "7"]
[EventCountry "GER"]

{DWZ 1986 DWZ 2138} 1. e4 b6 2. d4 Bb7 3. Nc3 e6 4. Nf3 Bb4 5. Bd3 Nf6 6. Qe2
d5 7. Bg5 Nbd7 8. e5 h6 9. exf6 hxg5 10. fxg7 Rg8 11. h4 g4 12. Ng5 Nf6 13.
O-O-O Rxg7 14. Bf5 Qd6 15. g3 Bxc3 16. bxc3 O-O-O 17. Bd3 Qa3+ 18. Kd2 Rdg8 19.
Nxf7 Rxf7 20. Qxe6+ Rd7 21. Qxf6 Rf8 22. Qe6 Rxf2+ 23. Ke1 Rf3 24. Qxg4 Qxc3+
25. Ke2 Rf8 26. Rhf1 Re8+ 27. Kf2 Kd8 28. Qg5+ Rde7 29. Rde1 Qxd4+ 30. Kg2 Qc5
31. Rf5 Kd7 32. Rxe7+ Rxe7 33. Qg4 Kd8 34. Rf8+ Re8 35. Rxe8+ Kxe8 36. Qe6+ Kf8
37. Qf6+ Kg8 38. Qg6+ Kf8 39. Qf6+ Kg8 40. Qg6+ 1/2-1/2

[Event "Vellmarer Schachtage 5th op  A"]
[Site "Vellmar"]
[Date "2013.07.28"]
[Round "7.10"]
[White "Meyner, Hannes"]
[Black "Eriksson, Magnus"]
[Result "1-0"]
[WhiteElo "2251"]
[BlackElo "2060"]
[PlyCount "83"]
[EventDate "2013.07.25"]
[EventType "swiss"]
[EventRounds "7"]
[EventCountry "GER"]

{DWZ 2189 DWZ ----} 1. d4 Nf6 2. c4 Nc6 3. Nf3 e6 4. g3 Bb4+ 5. Bd2 Qe7 6. Nc3
O-O 7. Bg2 d6 8. d5 Nb8 9. dxe6 fxe6 10. Nd4 c6 11. O-O d5 12. Nc2 Bd6 13. e4
dxc4 14. Qe2 e5 15. Qxc4+ Be6 16. Qe2 b5 17. Ne3 g6 18. a4 b4 19. Ncd1 a5 20.
Nc4 Bc7 21. Nde3 Nbd7 22. f3 Nc5 23. Be1 Nb3 24. Rd1 Nd4 25. Qd3 Nd7 26. Rf2
Nc5 27. Qf1 Nxa4 28. f4 Rad8 29. f5 Bc8 30. Bh3 Qc5 31. Kh1 Nb6 32. Nxb6 Bxb6
33. Ng4 gxf5 34. exf5 Qd5+ 35. Bg2 e4 36. Rf4 Rde8 37. f6 Bxg4 38. Rxg4+ Kh8
39. Bd2 Qd6 40. Bh6 Qe6 41. Bg7+ Kg8 42. Rxe4 1-0

[Event "Vellmarer Schachtage 5th op  A"]
[Site "Vellmar"]
[Date "2013.07.28"]
[Round "7.11"]
[White "Stoll, Katja"]
[Black "Jellema, Yme Jan"]
[Result "0-1"]
[WhiteElo "1763"]
[BlackElo "2217"]
[PlyCount "76"]
[EventDate "2013.07.25"]
[EventType "swiss"]
[EventRounds "7"]
[EventCountry "GER"]

{DWZ 1700 DWZ ----} 1. e4 c5 2. Nf3 Nc6 3. d4 cxd4 4. Nxd4 Nf6 5. Nc3 e5 6.
Ndb5 d6 7. Bg5 a6 8. Na3 Be6 9. Nd5 Bxd5 10. Qxd5 Nxd5 11. Bxd8 Rxd8 12. exd5
Ne7 13. O-O-O f5 14. Be2 Kf7 15. Nc4 b5 16. Ne3 Rc8 17. Rd3 g6 18. Rhd1 h5 19.
Ra3 Bh6 20. Kb1 Ra8 21. c4 Bxe3 22. Rxe3 bxc4 23. Bxc4 Rhc8 24. Bb3 a5 25. Ba4
Rc5 26. Red3 Kf6 27. Bc6 Rc8 28. Rc1 Rxc1+ 29. Kxc1 Rc7 30. Rc3 e4 31. Kd2 Ke5
32. Ra3 Nxc6 33. dxc6 Rxc6 34. Rxa5+ d5 35. b4 f4 36. Rc5 Rxc5 37. bxc5 d4 38.
a4 Kd5 0-1

[Event "Vellmarer Schachtage 5th op  A"]
[Site "Vellmar"]
[Date "2013.07.28"]
[Round "7.13"]
[White "Schmidt, Alexander"]
[Black "Braun, Ingram"]
[Result "0-1"]
[WhiteElo "2120"]
[BlackElo "2009"]
[PlyCount "64"]
[EventDate "2013.07.25"]
[EventType "swiss"]
[EventRounds "7"]
[EventCountry "GER"]

{DWZ 2080 DWZ 1942} 1. e4 c5 2. Nf3 e6 3. d4 cxd4 4. Nxd4 a6 5. c4 Nf6 6. Nc3
Bb4 7. Bd3 Nc6 8. Nxc6 dxc6 9. e5 Qd4 10. exf6 Bxc3+ 11. Kf1 Bxb2 12. fxg7 Bxa1
13. gxh8=Q+ Qxh8 14. Qb3 Bd4 15. Bf4 Qf6 16. Bg3 h5 17. h4 e5 18. Kg1 b6 19.
Qc2 Bg4 20. Kh2 O-O-O 21. a4 a5 22. Rb1 Qd6 23. Be4 Bd7 24. Qe2 f5 25. c5 Qxc5
26. f4 fxe4 27. Qa6+ Kc7 28. fxe5 Be6 29. Rd1 Kb8 30. Kh1 e3 31. Rb1 Rg8 32.
Kh2 Bc8 0-1

[Event "Vellmarer Schachtage 5th op  A"]
[Site "Vellmar"]
[Date "2013.07.28"]
[Round "7.14"]
[White "Kollars, Dmitrij"]
[Black "Klauke, Stefan"]
[Result "1-0"]
[WhiteElo "2026"]
[BlackElo "2125"]
[PlyCount "97"]
[EventDate "2013.07.25"]
[EventType "swiss"]
[EventRounds "7"]
[EventCountry "GER"]

{DWZ 2043 DWZ 2081} 1. e4 e5 2. Nf3 Nc6 3. Nc3 Nf6 4. Bb5 Bd6 5. O-O O-O 6. d3
h6 7. Ne2 Re8 8. Ng3 a6 9. Ba4 Bf8 10. Re1 b5 11. Bb3 d6 12. c3 Na5 13. Bc2 c5
14. h3 Bb7 15. Be3 Qc7 16. Qe2 d5 17. Bd2 dxe4 18. dxe4 Nc4 19. Bc1 Nb6 20. Be3
c4 21. Nd2 Nbd7 22. Rec1 Rad8 23. f3 Nc5 24. b3 Nd3 25. Rcb1 Ba3 26. bxc4 bxc4
27. Nxc4 Qxc4 28. Rxb7 Qxc3 29. Rab1 Bc5 30. Bxd3 Bxe3+ 31. Qxe3 Rxd3 32. Qa7
Rd2 33. Rxf7 Qc2 34. Rxg7+ Kh8 35. Nf5 Qxb1+ 36. Kh2 Rd7 37. Rxd7 Nxd7 38. Qxd7
Rg8 39. Qe6 Qc1 40. Qxe5+ Kh7 41. Qe7+ Kh8 42. Qf6+ Kh7 43. Qf7+ Kh8 44. Ne7
Rg7 45. Qf8+ Kh7 46. Qf5+ Kh8 47. Ng6+ Kg8 48. Qd5+ Rf7 49. Ne5 1-0

[Event "Vellmarer Schachtage 5th op  A"]
[Site "Vellmar"]
[Date "2013.07.28"]
[Round "7.15"]
[White "Doeserich, Juergen"]
[Black "Knoth, Eugen"]
[Result "1-0"]
[WhiteElo "2092"]
[BlackElo "1993"]
[PlyCount "81"]
[EventDate "2013.07.25"]
[EventType "swiss"]
[EventRounds "7"]
[EventCountry "GER"]

{DWZ 2023 DWZ 1841} 1. d4 Nf6 2. c4 c6 3. Nc3 d5 4. Nf3 a6 5. a4 Bg4 6. Ne5 e6
7. Nxg4 Nxg4 8. e4 Nf6 9. e5 Ne4 10. Bd3 Nxc3 11. bxc3 c5 12. cxd5 Qxd5 $11 13.
O-O cxd4 14. cxd4 Nc6 15. Be3 Rd8 16. Qg4 h5 17. Qf4 Be7 18. Rfd1 g5 19. Qg3
Kd7 20. f3 Rdg8 21. Rab1 Ke8 22. Be4 Qd7 23. d5 exd5 24. Rxd5 Qc8 25. Qf2 g4
26. f4 g3 27. hxg3 h4 28. f5 Rxg3 29. Rc1 Rhg8 30. Bf4 R3g4 31. Rc3 Bb4 32. Rc4
h3 33. g3 Qb8 34. Kh2 Rxf4 35. gxf4 a5 36. Qh4 Ne7 37. Rd1 Nc6 38. Rxc6 Be7 39.
Qh7 Kf8 40. Rc2 f6 41. Rdc1 1-0

[Event "Vellmarer Schachtage 5th op  A"]
[Site "Vellmar"]
[Date "2013.07.28"]
[Round "7.16"]
[White "Ziegenfuss, Holger"]
[Black "Humburg, Philipp"]
[Result "0-1"]
[WhiteElo "1959"]
[BlackElo "2054"]
[PlyCount "111"]
[EventDate "2013.07.25"]
[EventType "swiss"]
[EventRounds "7"]
[EventCountry "GER"]

{DWZ 1865 DWZ 2071} 1. e4 c5 2. Nc3 g6 3. f4 Bg7 4. Nf3 Nc6 5. Bb5 Nd4 6. O-O
Nxb5 7. Nxb5 a6 8. Nc3 e6 9. d4 cxd4 10. Nxd4 Ne7 11. Be3 d5 12. e5 O-O 13. Nf3
b5 14. Bc5 Qc7 15. b4 Rd8 16. Ne2 f6 17. Ned4 Nf5 18. Nxf5 exf5 19. Qd4 Re8 20.
exf6 Bh8 21. Rae1 Be6 22. Re3 Bf7 23. Rfe1 Re4 24. Rxe4 dxe4 25. Ne5 h6 26. a3
Rd8 27. Qe3 Rd5 28. h4 Bxf6 29. Nxf7 Qxf7 30. g3 Qd7 31. Kg2 Rd2+ 32. Re2 Rxe2+
33. Qxe2 Qd5 34. Be3 Bb2 35. c4 Qd3 36. Qxd3 exd3 37. cxb5 axb5 38. Bd2 Kf7 39.
Kf3 Bd4 40. g4 fxg4+ 41. Kxg4 h5+ 42. Kf3 Ke6 43. Ke4 Bf2 44. Kxd3 Bxh4 45. Ke4
Bf2 46. Kf3 Bd4 47. Bc1 Kf5 48. Kg3 Ke4 49. Kh4 Bf6+ 50. Kg3 h4+ 51. Kg4 Be7
52. Bb2 Kd3 53. a4 bxa4 54. b5 Bd8 55. Bf6 Bxf6 56. b6 0-1

[Event "Vellmarer Schachtage 5th op  A"]
[Site "Vellmar"]
[Date "2013.07.28"]
[Round "7.17"]
[White "Schlachowitsch, Markus"]
[Black "Engel, Luis"]
[Result "0-1"]
[WhiteElo "2022"]
[BlackElo "1765"]
[PlyCount "66"]
[EventDate "2013.07.25"]
[EventType "swiss"]
[EventRounds "7"]
[EventCountry "GER"]

{DWZ 1882 DWZ 1791} 1. e4 c5 2. Nf3 d6 3. Bb5+ Nd7 4. d4 cxd4 5. Qxd4 a6 6.
Bxd7+ Bxd7 7. c4 Nf6 8. Nc3 g6 9. O-O Bg7 10. Bg5 O-O 11. h3 Bc6 12. Qd3 Nd7
13. Nd5 Bxd5 14. exd5 Bxb2 15. Rab1 Bf6 16. Bxf6 exf6 17. Rfe1 Rb8 18. Re4 Nc5
19. Qd4 Nxe4 20. Qxe4 Re8 21. Qf4 b5 22. Nd4 bxc4 23. Rc1 Rb2 24. Nc6 Qd7 25.
Qxf6 Rxa2 26. Rxc4 Qf5 27. Rf4 Qxf6 28. Rxf6 Ree2 29. Rxd6 Rxf2 30. Rd8+ Kg7
31. Nd4 Rxg2+ 32. Kf1 Rh2 33. Kg1 Rhd2 0-1

[Event "Vellmarer Schachtage 5th op  A"]
[Site "Vellmar"]
[Date "2013.07.28"]
[Round "7.18"]
[White "Ulrich, Thomas"]
[Black "Forgach, Andreas"]
[Result "1-0"]
[WhiteElo "2005"]
[BlackElo "1919"]
[PlyCount "85"]
[EventDate "2013.07.25"]
[EventType "swiss"]
[EventRounds "7"]
[EventCountry "GER"]

{DWZ DWZ 1772} 1. e4 c5 2. Nf3 Nc6 3. Bb5 Nf6 4. e5 Nd5 5. O-O g6 6. c3 Bg7 7.
d4 cxd4 8. cxd4 O-O 9. Nc3 Nc7 10. Ba4 d5 11. Bxc6 bxc6 12. Qa4 Bd7 13. Qa3 Ne6
14. Be3 Re8 15. Rac1 f6 16. exf6 exf6 17. b3 Bf8 18. Qb2 Kf7 19. Rfe1 Qa5 20.
Na4 Rab8 21. Qc2 Ba3 22. Bd2 Bb4 23. Bxb4 Qxb4 24. Red1 Nf4 25. Rd2 Bf5 26. Qd1
Rbc8 27. h3 Be4 28. Rc3 Qb5 29. Kh2 Bxf3 30. Rxf3 Ne6 31. h4 f5 32. g3 Re7 33.
Rc3 Rec7 34. Kg1 Qb7 35. Rdc2 Qa6 36. Qd2 Kg7 37. Re3 Nf8 38. Qb4 Qb7 39. Qd6
Rf7 40. Rce2 Rcc7 41. Nc5 Qb6 42. Re8 Kg8 43. Ne6 1-0

[Event "Vellmarer Schachtage 5th op  A"]
[Site "Vellmar"]
[Date "2013.07.28"]
[Round "7.19"]
[White "Sieber, Fiona"]
[Black "Schnegelsberg, Karl-Heinz"]
[Result "0-1"]
[WhiteElo "1868"]
[BlackElo "2004"]
[PlyCount "58"]
[EventDate "2013.07.25"]
[EventType "swiss"]
[EventRounds "7"]
[EventCountry "GER"]

{DWZ 1890 DWZ 1855} 1. e4 e6 2. d4 d5 3. Nc3 Bb4 4. e5 c5 5. a3 Bxc3+ 6. bxc3
Ne7 7. Qg4 cxd4 8. Qxg7 Rg8 9. Qxh7 Qc7 10. Ne2 Nbc6 11. f4 dxc3 12. Qd3 d4 13.
Nxd4 Nxd4 14. Qxd4 Nf5 15. Qf2 Qc6 16. Rb1 Bd7 17. Rg1 Qd5 18. Rb4 Bc6 19. Bd3
O-O-O 20. Qxa7 Rxg2 21. Rxg2 $11 Qxg2 22. Qf2 Qh1+ 23. Qf1 Qxh2 24. Qf2 Qh1+
25. Qf1 Rh8 26. Bxf5 exf5 27. Be3 Qd5 28. Qd3 Rh1+ 29. Ke2 Qf3# 0-1

[Event "Vellmarer Schachtage 5th op  A"]
[Site "Vellmar"]
[Date "2013.07.28"]
[Round "7.20"]
[White "Rehbein, Ullrich"]
[Black "Krausse, Eckhard"]
[Result "1-0"]
[WhiteElo "1822"]
[BlackElo "1999"]
[PlyCount "65"]
[EventDate "2013.07.25"]
[EventType "swiss"]
[EventRounds "7"]
[EventCountry "GER"]

{DWZ 1654 DWZ 1942} 1. d4 Nf6 2. Nf3 c5 3. g3 cxd4 4. Nxd4 e5 5. Nf3 Nc6 6. Bg2
d5 7. O-O Bc5 8. c3 a5 9. Bg5 Be6 10. e3 Qb6 11. Bxf6 gxf6 12. Qc2 h5 13. Nbd2
Ke7 14. Nh4 Rag8 15. Nf5+ Bxf5 16. Qxf5 Rg5 17. Qc2 e4 18. c4 Nb4 19. Qb3 a4
20. Qd1 h4 21. cxd5 f5 22. Bxe4 fxe4 23. Nxe4 Rxd5 24. Qf3 Nd3 25. Nc3 Rd6 26.
Nd5+ Rxd5 27. Qxd5 hxg3 28. Qe4+ Kf8 29. fxg3 Qxb2 30. Rxf7+ Kxf7 31. Rf1+ Kg7
32. Qg4+ Kh6 33. Qe6+ 1-0

[Event "Vellmarer Schachtage 5th op  A"]
[Site "Vellmar"]
[Date "2013.07.28"]
[Round "7.21"]
[White "Weber, Hubert"]
[Black "Flick, Antoine"]
[Result "1/2-1/2"]
[WhiteElo "1999"]
[BlackElo "1909"]
[PlyCount "67"]
[EventDate "2013.07.25"]
[EventType "swiss"]
[EventRounds "7"]
[EventCountry "GER"]

{DWZ 1927 DWZ ----} 1. Nf3 Nf6 2. d4 g6 3. c4 Bg7 4. Nc3 d5 5. cxd5 Nxd5 6. e4
Nxc3 7. bxc3 c5 8. Be3 Nc6 9. Qd2 Qa5 10. Rc1 Bg4 11. d5 Bxf3 12. gxf3 Rd8 13.
Qb2 Nd4 14. Bxd4 cxd4 15. Qb5+ Qxb5 16. Bxb5+ Kf8 17. cxd4 Bxd4 18. Rc7 Rb8 19.
f4 Bb6 20. Rc2 Kg7 21. Ke2 Rhc8 22. Rhc1 Rxc2+ 23. Rxc2 Rd8 24. Bc4 Rd7 25. e5
Rc7 26. Kd3 Kf8 27. Re2 Bc5 28. f3 Ba3 29. Rc2 Kg7 30. Rg2 $11 Bc1 31. f5 g5
32. Re2 Bf4 33. h3 h5 34. Bb3 1/2-1/2

[Event "Vellmarer Schachtage 5th op  A"]
[Site "Vellmar"]
[Date "2013.07.28"]
[Round "7.23"]
[White "Bethke, Richard"]
[Black "Diener, Carolin Valeria"]
[Result "1-0"]
[WhiteElo "1616"]
[BlackElo "1700"]
[PlyCount "73"]
[EventDate "2013.07.25"]
[EventType "swiss"]
[EventRounds "7"]
[EventCountry "GER"]

{DWZ 1370 DWZ 1623} 1. c4 e6 2. Nc3 Nf6 3. d4 Bb4 4. d5 O-O 5. Nf3 h6 6. g3
exd5 7. cxd5 d6 8. Bg2 Nbd7 9. Qb3 Bxc3+ 10. bxc3 Nb6 11. Nd4 Bd7 12. c4 Qc8
13. Bb2 Bh3 14. Bxh3 Qxh3 15. Nb5 Qg2 16. Rf1 Ng4 17. Qc3 f6 18. O-O-O Nxh2 19.
Rg1 Qxf2 20. Qd3 Ng4 21. Bd4 Ne5 22. Bxf2 Nxd3+ 23. exd3 Rf7 24. Bxb6 axb6 25.
Kb2 Rd7 26. Rde1 c6 27. Nc3 Kf7 28. d4 Re7 29. Rxe7+ Kxe7 30. dxc6 bxc6 31. d5
Kd7 32. Re1 h5 33. dxc6+ Kxc6 34. Re7 Rg8 35. Nb5 Kc5 36. Kc3 Rc8 37. Na7 1-0

[Event "Vellmarer Schachtage 5th op  A"]
[Site "Vellmar"]
[Date "2013.07.28"]
[Round "7.24"]
[White "Weber, Andreas"]
[Black "Wesslen, Ulf"]
[Result "1/2-1/2"]
[WhiteElo "1863"]
[BlackElo "2050"]
[PlyCount "53"]
[EventDate "2013.07.25"]
[EventType "swiss"]
[EventRounds "7"]
[EventCountry "GER"]

{DWZ 1741 DWZ ----} 1. e4 e6 2. d4 d5 3. exd5 exd5 4. Bd3 Nc6 5. c3 Nf6 6. Qe2+
Be7 7. Nf3 Bg4 8. Be3 Qd7 9. h3 Bh5 10. Nbd2 a6 11. g4 Bg6 12. Nh4 Bxd3 13.
Qxd3 O-O-O 14. Nf5 g6 15. Nxe7+ Qxe7 16. O-O-O Ne8 17. Rde1 f6 18. Bf4 Qf7 19.
Nb3 Nd6 20. Nc5 Nc4 21. b3 Nb6 22. Re6 Rde8 23. Rhe1 Nd7 24. Qe3 Ref8 25. Nxa6
Nde5 26. Nc5 Nd7 27. Nxd7 1/2-1/2

[Event "Vellmarer Schachtage 5th op  A"]
[Site "Vellmar"]
[Date "2013.07.28"]
[Round "7.25"]
[White "Lammers, Frank"]
[Black "Mueller, Joachim"]
[Result "1-0"]
[WhiteElo "1998"]
[BlackElo "1950"]
[PlyCount "131"]
[EventDate "2013.07.25"]
[EventType "swiss"]
[EventRounds "7"]
[EventCountry "GER"]

{DWZ 1917 DWZ 1689} 1. d4 Nf6 2. Bg5 e6 3. Nd2 Be7 4. e4 O-O 5. Bd3 d5 6. e5
Nfd7 7. Bxe7 Qxe7 8. c3 c5 9. Ne2 Nc6 10. O-O f5 11. f4 b6 12. Nf3 a5 13. Bb5
Bb7 14. a3 Rfc8 15. h3 Ba6 16. Bxa6 Rxa6 17. g4 fxg4 18. hxg4 Rf8 19. Kg2 Raa8
20. Rh1 Rf7 21. Ng5 g6 22. Nxf7 Qxf7 23. Qd3 Ne7 24. Raf1 c4 25. Qg3 Qg7 26.
Ng1 b5 27. Nf3 b4 28. axb4 axb4 29. Ra1 Rb8 30. Ra2 bxc3 31. bxc3 Rb3 32. Nd2
Rb8 33. Rb1 Qf8 34. Rxb8 Qxb8 35. Qe1 Qf8 36. Kg3 g5 37. fxg5 Ng6 38. Qf2 Qe7
39. Ra8+ Kg7 40. Ra7 Kg8 41. Nf3 Ngf8 42. Ra1 Ng6 43. Qe3 Ndf8 44. Rf1 Qd8 45.
Nh4 Qe7 46. Nxg6 Nxg6 47. Qf3 Qc7 48. Qf6 Qd7 49. Ra1 Nf8 50. Ra8 Qf7 51. Qxf7+
Kxf7 52. Ra7+ Kg6 53. Kh4 h6 54. gxh6 Kxh6 55. Rf7 Nh7 56. Rxh7+ Kxh7 57. Kg5
Kg7 58. Kh5 Kh7 59. g5 Kg7 60. g6 Kg8 61. Kh6 Kh8 62. Kh5 Kg8 63. Kg4 Kf8 64.
g7+ Kxg7 65. Kg5 Kf7 66. Kh6 1-0

[Event "Vellmarer Schachtage 5th op  A"]
[Site "Vellmar"]
[Date "2013.07.28"]
[Round "7.26"]
[White "Schaefer, Annabelle"]
[Black "Kobs, Stephan"]
[Result "1-0"]
[WhiteElo "1930"]
[BlackElo "1986"]
[PlyCount "67"]
[EventDate "2013.07.25"]
[EventType "swiss"]
[EventRounds "7"]
[EventCountry "GER"]

{DWZ 1842 DWZ 1873} 1. e4 c5 2. Nc3 Nc6 3. Bb5 Nd4 4. Bc4 e6 5. Nge2 a6 6. Nxd4
cxd4 7. Ne2 b5 8. Bb3 Bc5 9. d3 Ne7 10. O-O O-O 11. Kh1 Bb7 12. f4 f5 13. Ng3
Qe8 14. Bd2 Qg6 15. Qe2 Rae8 16. Rae1 Kh8 17. c3 Nc6 18. Bc2 Bb6 19. c4 b4 20.
a3 a5 21. axb4 axb4 22. Ra1 Bc5 23. Rf3 Qg4 24. Re1 Qg6 25. Nf1 Qh5 26. Bd1 Qf7
27. Rh3 g6 28. Qf2 Kg8 29. Ng3 fxe4 30. dxe4 d6 31. Qe2 Bc8 32. Qd3 Re7 33. e5
dxe5 34. Ne4 1-0

[Event "Vellmarer Schachtage 5th op  A"]
[Site "Vellmar"]
[Date "2013.07.28"]
[Round "7.27"]
[White "Stuckenschneider, Martin"]
[Black "Rafiee, Kayvan"]
[Result "1/2-1/2"]
[WhiteElo "1964"]
[BlackElo "1942"]
[PlyCount "24"]
[EventDate "2013.07.25"]
[EventType "swiss"]
[EventRounds "7"]
[EventCountry "GER"]

{DWZ 1764 DWZ 1801} 1. d4 d5 2. c4 Nc6 3. cxd5 Qxd5 4. e3 e5 5. Nc3 Bb4 6. Bd2
Bxc3 7. bxc3 Qd6 8. Bd3 Nge7 9. Ne2 O-O 10. O-O f5 11. f3 b6 12. Be1 f4 1/2-1/2

[Event "Vellmarer Schachtage 5th op  A"]
[Site "Vellmar"]
[Date "2013.07.28"]
[Round "7.30"]
[White "Kies, Wolfgang"]
[Black "Van der Hoeven, Gerben"]
[Result "0-1"]
[WhiteElo "1916"]
[BlackElo "1962"]
[PlyCount "34"]
[EventDate "2013.07.25"]
[EventType "swiss"]
[EventRounds "7"]
[EventCountry "GER"]

{DWZ 1811 DWZ ----} 1. e4 c5 2. Nf3 d6 3. d4 cxd4 4. Nxd4 e5 5. Nb5 a6 6. N5a3
Be7 7. Nc3 Be6 8. Bc4 Nf6 9. f3 b5 10. Bxe6 fxe6 11. Ne2 d5 12. Ng3 b4 13. Nb1
Qb6 14. Qd3 Bc5 15. Bg5 Nbd7 16. Nd2 Bf2+ 17. Ke2 Nc5 0-1

[Event "Vellmarer Schachtage 5th op  A"]
[Site "Vellmar"]
[Date "2013.07.28"]
[Round "7.31"]
[White "Niemeyer, Norbert"]
[Black "Schulze, Lara"]
[Result "1/2-1/2"]
[WhiteElo "1758"]
[BlackElo "1788"]
[PlyCount "80"]
[EventDate "2013.07.25"]
[EventType "swiss"]
[EventRounds "7"]
[EventCountry "GER"]

{DWZ 1590 DWZ 1604} 1. e4 e6 2. d4 d5 3. Nd2 dxe4 4. Nxe4 Nd7 5. Nf3 Ngf6 6.
Ng3 c5 7. Be2 b6 8. O-O Bb7 9. c3 Be7 10. Qc2 O-O 11. Re1 Qc7 12. dxc5 Bxc5 13.
Nf1 Ng4 14. Be3 Bxe3 15. Nxe3 Nxe3 16. fxe3 Nf6 17. Nd2 Nd5 18. Bf3 Rad8 19.
Nf1 Nb4 20. Qb1 Bxf3 21. gxf3 Nd3 22. Rd1 Qc4 23. Qc2 Qb5 24. Rd2 Ne5 25. Rf2
Qc6 26. Qe2 Nd3 27. Rg2 Qc5 28. Kh1 f5 29. Rd1 Ne5 30. Rd4 Qc6 31. Nd2 Rxd4 32.
exd4 Ng6 33. Qe3 Re8 34. Re2 Qb5 35. Nf1 Qd5 36. b3 b5 37. Nd2 e5 38. Kg1 Kf7
39. Kf1 Re7 40. Re1 Qd6 1/2-1/2